| 000 | 00468nam a2200193Ia 4500 | ||
|---|---|---|---|
| 003 | GCL | ||
| 005 | 20240530100432.0 | ||
| 008 | 140319s9999 xx 000 0 eng d | ||
| 040 |
_aGCL / _cGCL |
||
| 082 | 0 | 4 |
_a781.6854 _bB I |
| 100 | 1 | _aBOSE, SUNIL | |
| 245 | 1 | 0 |
_aINDIAN CLASSICAL MUSIC / _cBOSE, SUNIL |
| 260 |
_a[S.N] : _bVIKAS PAPERBACKS ، _c1993 |
||
| 300 | _a160 p | ||
| 650 | 0 | 4 | _aARTS |
| 650 | 0 | 4 | _aMUSIC |
| 650 | 0 | 4 | _aPERFORMANCE ART |
| 942 |
_2ddc _cBK |
||
| 999 |
_c17691 _d17691 |
||